QCM Les sports rares 1 - Statistiques

Statistiques générales
  • Ce quiz a été pris 20 fois
  • Le résultat moyen est 2 sur 30
Statistiques - réponses
Question Réponse % Correct
Le record du monde du 50 km marche athlétique homme est à 3h32m33s. Quel est le record féminin ? 4h09m21s
67%
Au balai-ballon deux équipes s'affrontent, elles comptent... 5 joueurs et 1 gardien
33%
Le raquetball combine les règles de plusieurs sports. Lesquels ? Tennis et squash
33%
On joue au balai-ballon avec un ballon sphérique de 20 cm
33%
En 50 km marche athlétique hommes, le record du monde est détenu par Yohann Diniz
33%
Un match de rugby subaquatique se déroule en deux mi-temps de 15 minutes
0%
La marche athlétique est au programme des Jeux Olympiques depuis... 1908
0%
Un équipage de bateau-dragon compte 22 personnes
0%
Un match de speed badminton se déroule en 2 sets gagnants
0%
La soule redevient populaire, il y a actuellement en France quelques équipes régulières, plus précisément... 7
0%
Le speed badminton a été inventé en Allemagne
0%
Où ne peut-on pas voir un festival de bateaux-dragons ? à Valparaiso
0%
Les joueurs qui se trouvent le plus près du centre du terrain sont appelés les cordiers
0%
La savate est un sport de percussion
0%
Qu'est ce qui n'existe pas au sumo ? des catégories de poids
0%
Chez les pratiquants de la savate, le grade est visible à la couleur des gants
0%
Lors des courses de bateau-dragon on utilise des pirogues
0%
Le balai-ballon est un sport originaire du Canada
0%
La balle utilisée en rugby subaquatique a la taille et la forme d'un ballon de handball
0%
Le sumo est mentionné pour la première fois au Japon en... en 712
0%
Le projectile utilisé pour joueur au tambourin est en caoutchouc
0%
Le tambourin est un jeu pratiqué essentiellement en France
0%
La Soule était essentiellement pratiquée... en Picardie, Normandie et Bretagne
0%
Le raquetball se joue sur un terrain de handball gaélique
0%
L'arène dans laquelle les sumotoris combattent se nomme le dohyo
0%
La soule est un des sports évoqués dans le roman de Renart
0%
Dans quelle ville française n'y a-t-il pas de club de rugby subaquatique ? Lille
0%
Le speed badminton est une variante du badminton qui se joue... sans filet
0%
Les pratiquants de la savate étaient appelés autrefois les... savatiers
0%
Qu'est ce qui n'existe pas au raquetball ? un filet
0%
Aucun quiz correspondant
Distribution des résultats
% des personnes avec chaque résultat
Percentile par nombre de réponses
Votre historique - résultats
Vous n’avez pas pris ce quiz